000
00206nam a22001097a 4500
100
_a
Palia,Sunil
245
_a
MAT NTSE
250
_a
2023
260
_b
MTG learning Media
300
_a
429
942
_2
ddc
_c
BK
999
_c
6685
_d
6685